Welcome to WEB OPAC of MRSPTU Central Library

Fluid Power : Generation,Transmission and Control (Record no. 6668)

MARC details
000 -LEADER
fixed length control field 00474nam a2200181Ia 4500
008 - FIXED-LENGTH DATA ELEMENTS--GENERAL INFORMATION
fixed length control field 230711s9999||||xx |||||||||||||| ||und||
020 ## - INTERNATIONAL STANDARD BOOK NUMBER
International Standard Book Number 978-81-265-3954-3
041 ## - LANGUAGE CODE
Language code of text/sound track or separate title ENG
082 ## - DEWEY DECIMAL CLASSIFICATION NUMBER
Classification number 620.106
Item number JA-F
100 ## - MAIN ENTRY--PERSONAL NAME
Personal name Jagadessha T
245 #0 - TITLE STATEMENT
Title Fluid Power : Generation,Transmission and Control
250 ## - EDITION STATEMENT
Edition statement 1st Ed.
260 ## - PUBLICATION, DISTRIBUTION, ETC.
Date of publication, distribution, etc. 2017
Place of publication, distribution, etc. New Delhi
Name of publisher, distributor, etc. Wiley India Pvt.Ltd
300 ## - PHYSICAL DESCRIPTION
Extent 592p.
650 ## - SUBJECT ADDED ENTRY--TOPICAL TERM
Topical term or geographic name entry element Mechanical Engineering
700 ## - ADDED ENTRY--PERSONAL NAME
Personal name Gowda,Thammaiah
942 ## - ADDED ENTRY ELEMENTS (KOHA)
Koha item type Book
Holdings
Withdrawn status Lost status Damaged status Not for loan Collection Home library Current library Date acquired Source of acquisition Cost, normal purchase price Inventory number Total checkouts Full call number Barcode Date last seen Price effective from Koha item type
          MRSPTU Central Library MRSPTU Central Library 08/09/2043 Krishna Book Distributors 669.00 KBD/2017-2018/1019343059   620.106 JA-F 39646 08/17/2023 08/17/2023 Book
          MRSPTU Central Library MRSPTU Central Library 08/09/2043 Krishna Book Distributors 669.00 KBD/2017-2018/1019343059   620.106 JA-F 39647 08/17/2023 08/17/2023 Book
          MRSPTU Central Library MRSPTU Central Library 08/09/2043 Krishna Book Distributors 669.00 KBD/2017-2018/1019343059   620.106 JA-F 39648 08/17/2023 08/17/2023 Book
          MRSPTU Central Library MRSPTU Central Library 08/09/2043 Krishna Book Distributors 669.00 KBD/2017-2018/1019343059   620.106 JA-F 39649 09/04/2023 08/17/2023 Book
          MRSPTU Central Library MRSPTU Central Library 08/09/2043 Krishna Book Distributors 669.00 KBD/2017-2018/1019343059   620.106 JA-F 39650 08/17/2023 08/17/2023 Book
          MRSPTU Central Library MRSPTU Central Library 08/09/2043 Krishna Book Distributors 669.00 KBD/2017-2018/1019343059   620.106 JA-F 39651 08/17/2023 08/17/2023 Book

Website Designed and Developed by MRSPTU Central Library Team

E-mail Id: librarian@mrsptu.ac.in